| 000 | 01355cam a2200313 a 4500 | ||
|---|---|---|---|
| 999 |
_c329531 _d329531 |
||
| 001 | 15426662 | ||
| 003 | NUST | ||
| 005 | 20170512124903.0 | ||
| 008 | 080825s2009 vauab b 001 0 eng | ||
| 010 | _a 2008037476 | ||
| 020 | _a9780071600880 (alk. paper) | ||
| 020 | _a0071600884 (alk. paper) | ||
| 035 | _a(OCoLC)ocn192082898 | ||
| 035 | _a(OCoLC)192082898 | ||
| 040 |
_aDLC _cDLC _dBTCTA _dBAKER _dYDXCP _dC#P _dBWX _dCDX _dDLC |
||
| 043 | _aq------ | ||
| 050 | 0 | 0 |
_aTE251 _b.D67 2009 |
| 082 | 0 | 0 |
_a625.80911 DOR _222 |
| 100 | 1 |
_aDoré, Guy. _9626 |
|
| 245 | 1 | 0 |
_aCold regions pavement engineering / _cGuy Doré, Hannele K. Zubeck. |
| 260 |
_aReston, VA : _bASCE Press ; _aNew York : _bMcGraw-Hill, _cc2009. |
||
| 300 |
_axvi, 416 p. : _bill., maps ; _c25 cm. |
||
| 504 | _aIncludes bibliographical references and index. | ||
| 650 | 0 |
_aPavements _zCold regions _xDesign and construction. _9627 |
|
| 650 | 0 |
_aPavements _zCold regions _xMaintenance and repair. _9628 |
|
| 700 | 1 |
_aZubeck, Hannele K. _9629 |
|
| 856 | 4 | 1 |
_3Table of contents only _uhttp://www.loc.gov/catdir/toc/fy0903/2008037476.html |
| 906 |
_a7 _bcbc _corignew _d1 _eecip _f20 _gy-gencatlg |
||
| 942 |
_2ddc _cBK |
||